The noble scholar, jurist, historian


 His Excellency Dr. Abdul Wahhab bin Ibrahim Abu Sulaiman, may Allah have mercy on him.


 He was born in Umm Al-Qura in the year 1356 AH.

توصيات المؤتمرات التعليمية الإسلامية العالمية الأربع / (Record no. 8029)

MARC details
000 -LEADER
fixed length control field 01599cam a2200337 i 4500
003 - CONTROL NUMBER IDENTIFIER
control field SA-RiAUC
005 - DATE AND TIME OF LATEST TRANSACTION
control field 20250518102945.0
008 - FIXED-LENGTH DATA ELEMENTS--GENERAL INFORMATION
fixed length control field 250515s1983 su f f10000 ara c
020 ## - INTERNATIONAL STANDARD BOOK NUMBER
International Standard Book Number 4223949
024 0# - OTHER STANDARD IDENTIFIER
Standard number or code 00000001006945
040 ## - CATALOGING SOURCE
Original cataloging agency SA-JeALM
Language of cataloging ara
Transcribing agency SA-RiAUC
Modifying agency AE-DuMBRL
Description conventions rda
041 0# - LANGUAGE CODE
Language code of text/sound track or separate title ara
-- eng
050 #4 - LIBRARY OF CONGRESS CALL NUMBER
Item number .M37 1983
082 04 - DEWEY DECIMAL CLASSIFICATION NUMBER
Classification number 370.91761
Assigning agency SA-RiAUC
090 ## - LOCALLY ASSIGNED LC-TYPE CALL NUMBER (OCLC); LOCAL CALL NUMBER (RLIN)
Classification number (OCLC) (R) ; Classification number, CALL (RLIN) (NR) 370.91761
Local cutter number (OCLC) ; Book number/undivided call number, CALL (RLIN) م ر ك
110 2# - MAIN ENTRY--CORPORATE NAME
Corporate name or jurisdiction name as entry element المركز العالمي للتربية والتعليم الإسلامي (مكة المكرمة)
Relator term مؤلف.
245 10 - TITLE STATEMENT
Title توصيات المؤتمرات التعليمية الإسلامية العالمية الأربع /
Statement of responsibility, etc. المركز العالمي للتعليم الإسلامي.
250 ## - EDITION STATEMENT
Edition statement الطبعة الأولى.
264 #1 - PRODUCTION, PUBLICATION, DISTRIBUTION, MANUFACTURE, AND COPYRIGHT NOTICE
Place of production, publication, distribution, manufacture مكة المكرمة، المملكة العربية السعودية :
Name of producer, publisher, distributor, manufacturer جامعة أم القرى، المركز العالمي للتعليم الإسلامي،
Date of production, publication, distribution, manufacture, or copyright notice 1983.
300 ## - PHYSICAL DESCRIPTION
Extent 195، 157 صفحة ؛
Dimensions 24 × 17 سم
336 ## - CONTENT TYPE
Content type term نص
Content type code txt
Source rdacontent
Materials specified كتاب
337 ## - MEDIA TYPE
Media type term بدون وسيط
Media type code n
Source rdamedia
338 ## - CARRIER TYPE
Carrier type term مجلد
Carrier type code nc
Source rdacarrier
546 ## - LANGUAGE NOTE
Language note النص باللغتين العربية والإنجليزية.
650 #7 - SUBJECT ADDED ENTRY--TOPICAL TERM
Topical term or geographic name entry element التعليم
Geographic subdivision البلاد الإسلامية
Form subdivision مؤتمرات
Source of heading or term aucsh
650 #7 - SUBJECT ADDED ENTRY--TOPICAL TERM
Topical term or geographic name entry element التربية الإسلامية
Form subdivision مؤتمرات
Source of heading or term aucsh
650 #7 - SUBJECT ADDED ENTRY--TOPICAL TERM
Topical term or geographic name entry element التعليم الديني الإسلامي
Form subdivision مؤتمرات
Source of heading or term aucsh
942 ## - ADDED ENTRY ELEMENTS (KOHA)
Source of classification or shelving scheme Dewey Decimal Classification
Koha item type Books
Suppress in OPAC No
949 ## - LOCAL PROCESSING INFORMATION (OCLC)
a SA-JeALM
d 250515
u mohamedma123
n 1
Holdings
Withdrawn status Lost status Source of classification or shelving scheme Damaged status Not for loan Home library Current library Date acquired Total checkouts Full call number Barcode Date last seen Price effective from Koha item type
    Dewey Decimal Classification     DR AbdElwahab Library DR AbdElwahab Library 05/18/2025   370.91761 م ر ك 000013325 05/18/2025 05/18/2025 Books